[Event "44th Rilton Cup 2014-15"]
[Site "Stockholm SWE"]
[Date "2015.01.02"]
[Round "6.14"]
[White "Sjodahl, Pontus"]
[Black "Turova, Irina"]
[Result "0-1"]
[WhiteTitle "IM"]
[BlackTitle "IM"]
[WhiteElo "2421"]
[BlackElo "2421"]
[WhiteFideId "1700537"]
[BlackFideId "4120876"]
[EventDate "2014.12.27"]

1. d4 Nf6 2. c4 e6 3. Nc3 Bb4 4. e3 c5 5. Ne2 b6 6. a3 Ba5 7. Rb1 Na6 8. g3 Bb7
9. d5 b5 10. Bg2 bxc4 11. O-O O-O 12. e4 d6 13. dxe6 fxe6 14. e5 Bxg2 15. Kxg2
dxe5 16. Qa4 Qb6 17. Qxc4 Qc6+ 18. Kg1 Rac8 19. Qb5 Bxc3 20. Nxc3 Nb8 21. Be3
Nbd7 22. Rfd1 Nb6 23. Qxc6 Rxc6 24. Rbc1 Nc4 25. Rc2 Nxe3 26. fxe3 c4 27. Kg2
Rb8 28. Kf3 a5 29. g4 h6 30. h4 Rf8 31. g5 hxg5 32. hxg5 Nd7+ 33. Kg4 Nc5 34.
Rh1 Nd3 35. Ne4 Rb8 36. Rhh2 Kf7 37. Rxc4 Rxc4 0-1

[Event "44th Rilton Cup 2014-15"]
[Site "Stockholm SWE"]
[Date "2015.01.02"]
[Round "6.15"]
[White "Semcesen, Daniel"]
[Black "Vandenbussche, Thibaut"]
[Result "1-0"]
[WhiteTitle "GM"]
[BlackTitle "FM"]
[WhiteElo "2471"]
[BlackElo "2418"]
[WhiteFideId "1706993"]
[BlackFideId "204412"]
[EventDate "2014.12.27"]

1. d4 Nf6 2. c4 c5 3. d5 g6 4. Nc3 Bg7 5. e4 O-O 6. Nf3 e6 7. Bd3 exd5 8. cxd5
d6 9. h3 Re8 10. O-O Nbd7 11. Re1 Nh5 12. Bg5 Bf6 13. Be3 Ne5 14. Be2 Nxf3+ 15.
Bxf3 Ng7 16. Qd2 Bd7 17. a3 a5 18. Bf4 Be5 19. Bxe5 Rxe5 20. Be2 g5 21. a4 Qe7
22. Bg4 Bxg4 23. hxg4 h5 24. gxh5 Nxh5 25. Re3 Re8 26. Rae1 g4 27. g3 Kg7 28.
Kg2 Rh8 29. Rh1 Qg5 30. Nb5 Qg6 31. Qc3 b6 32. Rh4 Rh6 33. Kg1 Kh7 34. Qc4 Nf6
35. Rxh6+ Qxh6 36. Nxd6 Rh5 37. Kf1 Rh1+ 38. Ke2 Qh3 39. Kd2 Qg2 40. Re2 Qg1 41.
Qc2 Kg8 42. e5 Nxd5 43. e6 Qh2 44. exf7+ Kg7 45. f8=Q+ Kxf8 46. Qf5+ Kg7 47.
Qf7+ 1-0

[Event "44th Rilton Cup 2014-15"]
[Site "Stockholm SWE"]
[Date "2015.01.02"]
[Round "6.16"]
[White "Shimanov, Aleksandr"]
[Black "Nielsen, Rogvi Egilstoft"]
[Result "1-0"]
[WhiteTitle "GM"]
[WhiteElo "2591"]
[BlackElo "2284"]
[WhiteFideId "4198603"]
[BlackFideId "7200447"]
[EventDate "2014.12.27"]

1. e4 e5 2. Nc3 Nf6 3. g3 Bc5 4. Bg2 Nc6 5. Nge2 d6 6. h3 h5 7. Na4 h4 8. c3 Qe7
9. g4 b5 10. Nxc5 dxc5 11. d3 Bb7 12. Qc2 Nd8 13. Bg5 Qd6 14. Rd1 b4 15. Qa4+
Nd7 16. O-O bxc3 17. bxc3 O-O 18. Bxh4 a5 19. Qb5 Rb8 20. f4 Bc6 21. Qxa5 exf4
22. Nxf4 Ne6 23. Nxe6 fxe6 24. e5 1-0

[Event "44th Rilton Cup 2014-15"]
[Site "Stockholm SWE"]
[Date "2015.01.02"]
[Round "6.17"]
[White "Gagarin, Vasilij"]
[Black "Westerberg, Jonathan"]
[Result "0-1"]
[WhiteTitle "IM"]
[BlackTitle "IM"]
[WhiteElo "2289"]
[BlackElo "2411"]
[WhiteFideId "4103610"]
[BlackFideId "1701754"]
[EventDate "2014.12.27"]

1. d4 d5 2. c4 dxc4 3. e3 b5 4. a4 b4 5. Bxc4 Nf6 6. Nf3 e6 7. O-O Be7 8. a5 a6
9. Nbd2 Bb7 10. Nb3 Nbd7 11. Qe2 c5 12. dxc5 Nxc5 13. Nxc5 Bxc5 14. b3 O-O 15.
Bb2 Ne4 16. Rfd1 Qe7 17. Ne5 Rfd8 18. Rxd8+ Rxd8 19. Rd1 Nc3 20. Rxd8+ Qxd8 21.
Qh5 g6 22. Nxf7 Qe7 23. Qh3 Qd7 24. Nh6+ Kg7 25. Qh4 Be7 26. Qh3 Bg5 27. Ng4 h5
28. Bxc3+ bxc3 29. Ne5 Qd1+ 30. Bf1 c2 31. Qxe6 Qxf1+ 32. Kxf1 c1=Q+ 33. Ke2
Qc2+ 34. Ke1 Qf5 35. Qb6 Qb1+ 36. Ke2 Qc2+ 37. Ke1 Bc8 38. b4 Bf6 39. f4 Bg4 40.
Qxa6 Qd1+ 41. Kf2 Bh4+ 42. g3 Qd2+ 43. Kg1 Qxe3+ 44. Kg2 Qe4+ 45. Kf2 Qxf4+ 46.
Kg2 Qe4+ 47. Kg1 Qxe5 48. gxh4 Qe3+ 0-1

[Event "44th Rilton Cup 2014-15"]
[Site "Stockholm SWE"]
[Date "2015.01.02"]
[Round "6.18"]
[White "Wallace, John Paul"]
[Black "Pettersson, Anders1"]
[Result "1/2-1/2"]
[WhiteTitle "IM"]
[BlackTitle "FM"]
[WhiteElo "2404"]
[BlackElo "2280"]
[WhiteFideId "3200957"]
[BlackFideId "1709771"]
[EventDate "2014.12.27"]

1. e4 c5 2. Nf3 g6 3. h4 Nc6 4. h5 gxh5 5. d4 cxd4 6. Nxd4 Nf6 7. Nc3 d6 8. f3
Qb6 9. Be3 Qxb2 10. Ndb5 Qb4 11. Bd2 Qc5 12. Nc7+ Kd8 13. Nxa8 Nd4 14. Bd3 Bd7
15. Ne2 Rg8 16. Kf1 Ne6 17. Qc1 Qc8 18. Ba5+ Ke8 19. Nb6 axb6 20. Bxb6 Bc6 21.
Rb1 d5 22. e5 Nd7 23. Rxh5 Nxb6 24. Rxb6 Qc7 25. Rb4 Ng7 26. Rg4 Rh8 27. Rhg5
Ne6 28. Rf5 Ng7 29. Rfg5 Ne6 30. Rf5 h5 31. Rh4 Bh6 32. f4 Ng7 33. Rfxh5 Nxh5
34. Rxh5 Bg7 35. Rxh8+ Bxh8 36. Qe3 e6 37. Qg3 Kf8 38. Qh4 Bg7 39. Ng3 Qe7 40.
Qh7 f6 41. Nh5 fxe5 42. Qxg7+ Qxg7 43. Nxg7 Kxg7 44. fxe5 d4 45. g3 Bd5 46. a3
Kh6 47. Ke2 Kg5 48. Kd2 Kg4 49. Bg6 Bc4 50. c3 dxc3+ 51. Kxc3 Bd5 52. Kb4 b6 53.
Kb5 Kxg3 54. Kxb6 Kf4 55. a4 Kxe5 56. a5 Kd6 57. a6 e5 58. a7 e4 59. Bf7 Bc6 60.
Bc4 e3 61. Ba6 Ba8 1/2-1/2

[Event "44th Rilton Cup 2014-15"]
[Site "Stockholm SWE"]
[Date "2015.01.02"]
[Round "6.19"]
[White "Lissang, Christopher"]
[Black "Martynov, Pavel2"]
[Result "1/2-1/2"]
[BlackTitle "FM"]
[WhiteElo "2273"]
[BlackElo "2400"]
[WhiteFideId "1709615"]
[BlackFideId "4122186"]
[EventDate "2014.12.27"]

1. d4 Nf6 2. c4 g6 3. Nc3 Bg7 4. Nf3 O-O 5. Bg5 c5 6. d5 d6 7. e3 a6 8. a4 Nbd7
9. Be2 h6 10. Bh4 Qb6 11. Qc2 Re8 12. O-O e6 13. Nd2 exd5 14. cxd5 Ne5 15. h3 g5
16. Bg3 Qc7 17. f4 Ng6 18. Nc4 gxf4 19. exf4 Ne7 20. f5 Nexd5 21. Bxd6 Qd8 22.
Rad1 Nxc3 23. bxc3 b5 24. Bf3 Ra7 25. Bxc5 Rd7 26. Nb6 Rxd1 27. Rxd1 Qc7 28. Bd4
b4 29. a5 bxc3 30. Qxc3 Qxc3 31. Bxc3 Bxf5 32. Bb7 Re3 33. Be1 Bc2 34. Rc1 Bd3
35. Bc3 Re2 36. Nd5 Nh5 37. Bxg7 Kxg7 38. Nb4 Bb5 39. Nxa6 Nf4 40. Nc7 Rb2 41.
Ra1 Bd3 42. Bf3 Ne2+ 43. Bxe2 Rxe2 44. a6 Be4 45. Ra4 Rxg2+ 46. Kf1 Bf3 47. a7
Rh2 48. h4 Kg6 49. Rf4 Bb7 50. Rb4 Bf3 51. Rf4 Bb7 52. a8=Q Bxa8 53. Nxa8 Kh5
54. Nc7 Rxh4 1/2-1/2

[Event "44th Rilton Cup 2014-15"]
[Site "Stockholm SWE"]
[Date "2015.01.02"]
[Round "6.20"]
[White "Johansson, Linus"]
[Black "Bergstrom, Rolf"]
[Result "1-0"]
[WhiteTitle "FM"]
[BlackTitle "FM"]
[WhiteElo "2391"]
[BlackElo "2262"]
[WhiteFideId "1711113"]
[BlackFideId "1702386"]
[EventDate "2014.12.27"]

1. e4 c5 2. Nf3 e6 3. c3 d5 4. e5 d4 5. Bd3 Bd7 6. Qe2 Bc6 7. Be4 Ne7 8. c4 Qc7
9. d3 Ng6 10. O-O Nd7 11. Bxc6 bxc6 12. Re1 Be7 13. Nbd2 O-O 14. Nf1 Rae8 15.
Ng3 Bd8 16. Qe4 Qb8 17. Nh5 Bc7 18. Qxc6 Ndxe5 19. Nxe5 Nxe5 20. Qxc5 Rd8 21.
Bf4 Nf3+ 22. gxf3 Bxf4 23. Re4 Qxb2 24. Rxf4 Qxa1+ 25. Kg2 Rd7 26. Nf6+ 1-0

[Event "44th Rilton Cup 2014-15"]
[Site "Stockholm SWE"]
[Date "2015.01.02"]
[Round "6.21"]
[White "Nielsen, Hogni Egilstoft"]
[Black "Bellon Lopez, Juan Manuel"]
[Result "1/2-1/2"]
[BlackTitle "GM"]
[WhiteElo "2226"]
[BlackElo "2381"]
[WhiteFideId "7200404"]
[BlackFideId "2200031"]
[EventDate "2014.12.27"]

1. e4 c5 2. Nf3 e6 3. d4 cxd4 4. Nxd4 a6 5. Nc3 b5 6. Be3 Qc7 7. Bd3 Nc6 8. Nxc6
dxc6 9. a4 Rb8 10. axb5 cxb5 11. O-O Nf6 12. Qe2 Bc5 13. Bxc5 Qxc5 14. e5 Nd7
15. Rfe1 Bb7 16. Kh1 g6 17. f4 O-O 18. Ne4 Bxe4 19. Bxe4 f5 20. Bf3 Rb6 21. Red1
Rf7 22. g3 Nf8 23. Ra3 b4 24. Rad3 a5 25. b3 Rc7 26. R1d2 Rb8 27. Rd6 Rbc8 28.
Kg2 Ra7 29. Qf2 Rac7 30. Qxc5 Rxc5 31. Bd1 Kf7 32. Ra6 R8c7 33. Rdd6 Rd7 34.
Rxd7+ Nxd7 35. Kf1 g5 36. Ke1 Rd5 37. Bh5+ Ke7 38. Be2 gxf4 39. gxf4 Rd4 40. Bc4
Nf8 41. Ra7+ Kd8 42. Ra8+ Ke7 43. Ra7+ Kd8 44. Ra8+ Ke7 45. Ra7+ Kd8 46. Rxa5
Rxf4 47. Rb5 Re4+ 48. Kf2 Kc7 49. Rxb4 Nd7 50. Ra4 Nxe5 51. Be2 Rxa4 52. bxa4
Nc6 53. Ke3 Kd6 54. Bc4 h6 55. Bb5 Na5 56. Kf4 Kd5 57. Bd3 Nc6 58. Bxf5 exf5 59.
Kxf5 Nd4+ 60. Kg6 Nxc2 61. Kxh6 Nd4 62. Kg6 Nf3 63. h3 Kc5 64. Kf5 Kb4 65. Kg4
Ne5+ 66. Kf4 Ng6+ 67. Kg5 Ne5 68. h4 Nf3+ 69. Kg4 Nxh4 70. Kxh4 Kxa4 1/2-1/2

[Event "44th Rilton Cup 2014-15"]
[Site "Stockholm SWE"]
[Date "2015.01.02"]
[Round "6.22"]
[White "Hedman, Erik"]
[Black "Tomov, Georgi"]
[Result "1-0"]
[WhiteTitle "FM"]
[BlackTitle "FM"]
[WhiteElo "2375"]
[BlackElo "2257"]
[WhiteFideId "1702351"]
[BlackFideId "2908964"]
[EventDate "2014.12.27"]

1. d4 f5 2. Nf3 Nf6 3. g3 b6 4. Bg2 Bb7 5. O-O e6 6. c4 Be7 7. Nc3 O-O 8. Qc2
Na6 9. Bg5 c5 10. Rad1 Ne4 11. Bxe7 Qxe7 12. Nxe4 fxe4 13. Ne5 d5 14. e3 Rac8
15. b3 cxd4 16. exd4 Nb4 17. Qd2 Ba6 18. Rfe1 Nc6 19. Nxc6 Rxc6 20. cxd5 exd5
21. f3 Re6 22. fxe4 dxe4 23. Re3 Rd8 24. Rde1 Bd3 25. Bh3 Rh6 26. Rxd3 Rxh3 27.
Rde3 Qg5 28. Qc3 h5 29. Rxe4 h4 30. Qc4+ Kh7 31. Qf1 Rxh2 32. Kxh2 Qxg3+ 33. Kh1
Rf8 34. Qg2 Qc3 35. Rxh4+ Kg8 36. Qd5+ 1-0

[Event "44th Rilton Cup 2014-15"]
[Site "Stockholm SWE"]
[Date "2015.01.02"]
[Round "6.23"]
[White "Szente Varga, Fruzsina"]
[Black "Jere, Daniel"]
[Result "0-1"]
[BlackTitle "IM"]
[WhiteElo "2202"]
[BlackElo "2370"]
[WhiteFideId "712264"]
[BlackFideId "8700249"]
[EventDate "2014.12.27"]

1. e4 c5 2. Nf3 Nc6 3. Bb5 e6 4. O-O Nge7 5. d4 cxd4 6. Nxd4 Qb6 7. Bxc6 bxc6 8.
e5 Ng6 9. f4 Bc5 10. c3 a5 11. Kh1 O-O 12. Nb3 Be7 13. N1d2 a4 14. Nd4 c5 15.
Nc2 Bb7 16. Nc4 Qc6 17. Rg1 f6 18. Be3 fxe5 19. Nxe5 Nxe5 20. fxe5 Rf5 21. Qg4
h5 22. Qg3 Qe4 23. Rad1 Bc6 24. Na3 h4 25. Qh3 g5 26. Bc1 g4 27. Qd3 h3 28. Qxe4
Bxe4 29. Rge1 Bxg2+ 30. Kg1 Raf8 31. Nc4 Bh4 0-1

[Event "44th Rilton Cup 2014-15"]
[Site "Stockholm SWE"]
[Date "2015.01.02"]
[Round "6.24"]
[White "Luukkonen, Tommi"]
[Black "Sarandos, Vasilios"]
[Result "1-0"]
[WhiteTitle "FM"]
[WhiteElo "2334"]
[BlackElo "2245"]
[WhiteFideId "501808"]
[BlackFideId "4203542"]
[EventDate "2014.12.27"]

1. d4 d5 2. c4 c6 3. Nf3 Nf6 4. e3 a6 5. Bd3 Bg4 6. Nbd2 e6 7. Qc2 Nbd7 8. b3
Bd6 9. Bb2 Qb8 10. O-O O-O 11. h3 Bh5 12. Ng5 h6 13. Ngf3 Bxf3 14. Nxf3 Re8 15.
Rad1 e5 16. dxe5 Nxe5 17. cxd5 Nxd5 18. Bh7+ Kh8 19. Nd4 Nf6 20. Bf5 c5 21. Ne2
Qc7 22. f4 Nc6 23. Bxf6 gxf6 24. Qc3 Qe7 25. e4 Rad8 26. Qg3 Nd4 27. Nxd4 cxd4
28. Qh4 Qf8 29. Rd3 Be7 30. Rc1 Rd6 31. Rc7 b6 32. Kh2 Qg7 33. Rg3 Qf8 34. Qh5
d3 35. Rg6 fxg6 36. Qxg6 Qg7 37. Qxe8+ Qf8 38. Qg6 Qg7 39. Qe8+ Qf8 40. Rxe7
Qxe8 41. Rxe8+ Kg7 42. Bg4 d2 43. Bd1 Rd3 44. Re6 Kf7 45. Rxb6 Ke7 46. e5 1-0

[Event "44th Rilton Cup 2014-15"]
[Site "Stockholm SWE"]
[Date "2015.01.02"]
[Round "6.26"]
[White "Couso, Luis"]
[Black "Gajic, Mladen"]
[Result "0-1"]
[WhiteTitle "FM"]
[WhiteElo "2328"]
[BlackElo "2210"]
[WhiteFideId "1702920"]
[BlackFideId "1709178"]
[EventDate "2014.12.27"]

1. e4 Nf6 2. e5 Nd5 3. d4 d6 4. c4 Nb6 5. exd6 cxd6 6. Nc3 g6 7. Be3 Bg7 8. Rc1
O-O 9. b3 e5 10. dxe5 dxe5 11. Qxd8 Rxd8 12. c5 N6d7 13. Nf3 Nc6 14. Be2 Nd4 15.
b4 a5 16. a3 axb4 17. axb4 b6 18. Bc4 bxc5 19. Ng5 Rf8 20. Nce4 Nb6 21. Bxf7+
Rxf7 22. Nxf7 Kxf7 23. bxc5 Nd5 24. Nd6+ Ke6 25. Bxd4 exd4 26. O-O Nc3 27. Rfe1+
Kd5 0-1

[Event "44th Rilton Cup 2014-15"]
[Site "Stockholm SWE"]
[Date "2015.01.02"]
[Round "6.27"]
[White "Cederstam Barsk, Carl"]
[Black "Thompson, Ian D"]
[Result "1-0"]
[WhiteTitle "FM"]
[BlackTitle "FM"]
[WhiteElo "2317"]
[BlackElo "2195"]
[WhiteFideId "1713329"]
[BlackFideId "405205"]
[EventDate "2014.12.27"]

1. d4 Nf6 2. c4 g6 3. Nc3 d5 4. cxd5 Nxd5 5. e4 Nxc3 6. bxc3 Bg7 7. Nf3 c5 8.
Be3 O-O 9. Be2 Nc6 10. O-O Qc7 11. d5 Ne5 12. Nd2 f5 13. f4 Bh6 14. Nc4 Nf7 15.
e5 b5 16. e6 bxc4 17. exf7+ Rxf7 18. Bxc4 Qd6 19. Rb1 Bd7 20. Qb3 Rff8 21. g3
Rfc8 22. Bf2 Kh8 23. Qa3 Bg7 24. Rb7 e5 25. dxe6 Bxe6 26. Bxe6 Qxe6 27. Re1 Qc6
28. Rxa7 Rxa7 29. Qxa7 Ra8 30. Qf7 Rb8 31. Re7 Rg8 32. Rc7 Qf3 33. c4 Qc3 34.
Bxc5 Qe1+ 35. Kg2 Qe2+ 36. Kg1 Qe1+ 37. Kg2 Qe2+ 38. Bf2 Qe4+ 39. Kh3 Qd3 40.
Kg2 Qe4+ 41. Kh3 Qd3 42. Qd5 Qf1+ 43. Qg2 Qe2 44. Qg1 Re8 45. Rc5 h5 46. Rd5
Qxc4 47. Rd2 Kh7 48. Qd1 Ra8 49. Qe2 Qf7 50. Bc5 Re8 51. Qd3 Ra8 52. Qe2 Qb7 53.
Bd4 Bxd4 54. Rxd4 Qf7 55. a4 Kh6 56. Qb5 Qa2 57. Rd6 Qxa4 58. Qxf5 Rg8 59. Qg5+
Kh7 60. f5 Qg4+ 61. Qxg4 hxg4+ 62. Kxg4 gxf5+ 63. Kxf5 Rf8+ 64. Kg4 Rg8+ 65. Kh5
Ra8 66. Rd7+ Kg8 67. g4 Ra6 68. Rd5 Kg7 69. h4 Rh6+ 70. Kg5 Rg6+ 71. Kf4 Rf6+
72. Rf5 Ra6 73. h5 Kh6 74. Kg3 Ra1 75. Rf6+ Kg7 76. Rg6+ Kh7 77. Kh4 Ra5 78. Re6
Ra4 79. Kg5 Ra5+ 80. Kf4 Ra1 81. Kf5 Rf1+ 82. Kg5 Rf7 83. Re4 Ra7 84. Kf6 Ra1
85. Kf5 Rf1+ 86. Kg5 Rf7 87. h6 Ra7 88. Kh5 Ra1 89. Re7+ Kg8 90. g5 Ra6 91. g6
Ra5+ 92. Kg4 Ra4+ 93. Kf5 1-0

[Event "44th Rilton Cup 2014-15"]
[Site "Stockholm SWE"]
[Date "2015.01.02"]
[Round "6.28"]
[White "Habu, Yoshiharu"]
[Black "Johansson, Gunnar"]
[Result "1-0"]
[WhiteTitle "FM"]
[WhiteElo "2415"]
[BlackElo "2231"]
[WhiteFideId "7000537"]
[BlackFideId "1703501"]
[EventDate "2014.12.27"]

1. e4 c5 2. Nf3 e6 3. d4 cxd4 4. Nxd4 Nc6 5. Nc3 Qc7 6. Be3 a6 7. Qd2 Nf6 8.
O-O-O Be7 9. f3 b5 10. g4 Nxd4 11. Bxd4 Bb7 12. Kb1 Rd8 13. Qf2 Rc8 14. Bd3 O-O
15. h4 Bc5 16. Ne2 Bxd4 17. Qxd4 e5 18. Qg1 d5 19. Ng3 dxe4 20. fxe4 Nd7 21. g5
Nc5 22. Rh2 Rfd8 23. h5 Na4 24. Qe1 Qb6 25. Nf5 Rd7 26. g6 fxg6 27. hxg6 h6 28.
Qh4 Qxg6 29. Ne7+ Rxe7 30. Qxe7 Nc5 31. Qxe5 Bxe4 32. Bxe4 Qxe4 33. Qg3 Qc6 34.
Rg1 Ne6 35. Qg6 Ng5 36. Rxh6 1-0

[Event "44th Rilton Cup 2014-15"]
[Site "Stockholm SWE"]
[Date "2015.01.02"]
[Round "6.29"]
[White "Jonsson, Emil"]
[Black "Furhoff, Johan"]
[Result "0-1"]
[BlackTitle "IM"]
[WhiteElo "2132"]
[BlackElo "2321"]
[WhiteFideId "1712268"]
[BlackFideId "1701797"]
[EventDate "2014.12.27"]

1. e4 e5 2. Nf3 Nc6 3. Bc4 Nf6 4. Ng5 d5 5. exd5 Nd4 6. c3 b5 7. Bf1 Nxd5 8.
cxd4 Qxg5 9. Bxb5+ Kd8 10. O-O Rb8 11. Bc6 Nf4 12. dxe5 Rb6 13. Bf3 Nd3 14. Qe2
Ba6 15. Qe4 Bc5 16. Be2 Ke7 17. Nc3 Bb7 18. Nd5+ Bxd5 19. Qxd5 Rd8 20. Qf3 Nxe5
21. Qg3 Qxg3 22. hxg3 Nd3 23. Bxd3 Rxd3 24. Re1+ Kd7 25. b3 Rxg3 26. Re5 Bd6 27.
Rh5 Rd3 28. Rxh7 Be5 29. Rb1 Ke6 30. Rh3 Rxh3 31. gxh3 Kf5 32. Bb2 Bf4 33. Rc1
g5 34. f3 Rh6 35. Rc5+ Ke6 36. Kg2 Kd6 37. Ba3 Kd7 38. Bc1 Ra6 39. Rc2 Kd6 40.
a4 Kd5 41. d4 Bxc1 42. Rxc1 c6 43. Rc5+ Kxd4 44. Rxg5 Kc3 45. h4 Kxb3 46. h5
Rxa4 47. Rg4 Ra5 48. Rh4 Rg5+ 49. Kf2 Rg7 50. h6 Rh7 51. Rh5 Kb4 52. Ke3 a5 53.
Kd3 Kb3 54. Rxa5 Rxh6 55. Rf5 Rd6+ 56. Ke4 f6 57. Rc5 Kb4 58. Rc1 c5 59. Rb1+
Ka3 60. Rc1 Kb4 61. Rb1+ Ka3 62. Rc1 Rd4+ 63. Ke3 Kb4 64. Rb1+ Kc4 65. Rc1+ Kd5
66. Ra1 f5 67. Rh1 f4+ 68. Ke2 Kc6 69. Rh6+ Kb5 70. Rh8 c4 71. Rb8+ Kc5 72. Rc8+
Kb4 73. Rb8+ Kc3 74. Rc8 Kb3 75. Rb8+ Kc2 76. Rb4 Kc1 77. Ke1 Rd1+ 78. Ke2 Rd2+
79. Ke1 Rd4 80. Ke2 Kc2 81. Ke1 Kd3 82. Kf2 c3 0-1

[Event "44th Rilton Cup 2014-15"]
[Site "Stockholm SWE"]
[Date "2015.01.02"]
[Round "6.30"]
[White "Kvisvik, Brede"]
[Black "Ertan, Can"]
[Result "1/2-1/2"]
[WhiteTitle "FM"]
[BlackTitle "FM"]
[WhiteElo "2275"]
[BlackElo "2224"]
[WhiteFideId "1502999"]
[BlackFideId "6306330"]
[EventDate "2014.12.27"]

1. d4 Nf6 2. c4 e6 3. g3 d5 4. Nf3 dxc4 5. Bg2 c5 6. O-O Nc6 7. Qa4 Bd7 8. Qxc4
cxd4 9. Nxd4 Rc8 10. Nc3 Qb6 11. Nxc6 Bxc6 12. Be3 Qb4 13. Qxb4 Bxb4 14. Bxa7
Bxc3 15. bxc3 Bxg2 16. Kxg2 Rxc3 17. Rfb1 Rc7 18. Rb2 Ke7 19. Bb6 Rd7 20. Bc5+
Kd8 21. Rc1 Ne4 22. Bb4 Re8 23. f3 Nd6 24. Bxd6 Rxd6 25. Rxb7 Rd7 26. Rb8+ Ke7
27. Rxe8+ Kxe8 28. Rc2 Rd1 29. Kf2 h5 30. e4 Rd3 31. f4 Ra3 32. Ke2 g6 33. e5
Kd7 34. Kd2 h4 35. gxh4 Rf3 36. Rc4 Rf2+ 37. Ke3 Rxa2 38. Rd4+ Ke7 39. Rd2 Ra3+
40. Rd3 Ra2 41. h3 Ra8 1/2-1/2

[Event "44th Rilton Cup 2014-15"]
[Site "Stockholm SWE"]
[Date "2015.01.02"]
[Round "6.31"]
[White "Henriksson, Johan"]
[Black "Cafaro, Luca"]
[Result "1-0"]
[WhiteTitle "FM"]
[WhiteElo "2267"]
[BlackElo "2054"]
[WhiteFideId "1703560"]
[BlackFideId "859818"]
[EventDate "2014.12.27"]

1. d4 d5 2. Nf3 Nf6 3. c4 e6 4. g3 Bb4+ 5. Bd2 Be7 6. Bg2 c6 7. O-O O-O 8. Bf4
Nbd7 9. cxd5 exd5 10. Nc3 Nb6 11. Ne5 Ng4 12. Nd3 Bf5 13. h3 Nf6 14. g4 Bg6 15.
Ne5 Nfd7 16. Nxg6 fxg6 17. e3 Bg5 18. Bh2 Qe7 19. Qd3 Rae8 20. a3 Bh4 21. b4 Qf6
22. Ra2 Qe6 23. Re2 Be7 24. e4 dxe4 25. Rxe4 Qb3 26. Qe3 Nc4 27. Qd3 Nf6 28. Rb1
Nb2 29. Qd2 Nxe4 30. Nxe4 Qxa3 31. Qxb2 Qxb2 32. Rxb2 Rd8 33. Be5 Bf6 34. Nc5
Bxe5 35. dxe5 Rfe8 36. Nxb7 Rd1+ 37. Kh2 Rxe5 38. Bxc6 Rc1 39. Nc5 Rc3 40. Bg2
a5 41. Ne4 Rc4 42. bxa5 Rcxe4 43. Bxe4 Rxe4 44. Ra2 Re7 45. Kg3 Kf7 46. Kf4 h5
47. g5 Ra7 48. Ke5 Ke7 49. Kd5 Kd7 50. Kc5 Kc7 51. a6 Kb8 52. Rb2+ Ka8 53. Kb6
Re7 54. Rc2 Kb8 55. Rc6 Rf7 56. Rd6 Rf8 57. f4 h4 58. Rxg6 Rxf4 59. Rxg7 Rb4+
60. Kc5 Ra4 61. Kb5 Ra3 62. g6 Rg3 63. Kc4 Ra3 64. Rh7 Rxa6 65. g7 Rg6 66. Rh8+ 1-0

[Event "44th Rilton Cup 2014-15"]
[Site "Stockholm SWE"]
[Date "2015.01.02"]
[Round "6.32"]
[White "Engstrom, Kaj"]
[Black "Norlin, Egor"]
[Result "0-1"]
[WhiteElo "2261"]
[BlackElo "2186"]
[WhiteFideId "1701134"]
[BlackFideId "1713973"]
[EventDate "2014.12.27"]

1. e4 e6 2. d4 d5 3. Nc3 Bb4 4. exd5 exd5 5. Qh5 Nf6 6. Qh4 Bf5 7. Bd3 Bxd3 8.
cxd3 O-O 9. Ne2 Bxc3+ 10. bxc3 Re8 11. Rb1 b6 12. Rb2 Nbd7 13. O-O Nf8 14. Bg5
Ng6 15. Qg3 Rc8 16. Qf3 Re6 17. Ng3 h6 18. Be3 Nh4 19. Qd1 Qd7 20. c4 Re7 21. h3
Nf5 22. Qf3 Nh4 23. Qf4 Ng6 24. Qf5 Nh4 25. Qxd7 Rxd7 26. c5 Rdd8 27. Rc1 Nd7
28. f4 bxc5 29. dxc5 Rb8 30. Rcb1 Rxb2 31. Rxb2 Rb8 32. Rxb8+ Nxb8 33. f5 c6 34.
f6 Nd7 35. fxg7 Kxg7 36. Nh5+ Kh7 37. g4 Ng6 38. Kf2 Nge5 39. Ke2 Ng6 40. Kd2
Ne7 41. Kc3 f5 42. Bd4 fxg4 43. hxg4 Kg6 44. Kb4 Kg5 45. Ka5 Kxg4 46. Nf6+ Nxf6
47. Bxf6 Ng6 48. Ka6 Kf5 49. Bd4 Ne5 50. Kxa7 Nxd3 51. Kb6 Ke4 52. Bg7 h5 53.
Bf6 d4 54. Kxc6 Nxc5 55. Kxc5 d3 56. Bg5 h4 0-1

[Event "44th Rilton Cup 2014-15"]
[Site "Stockholm SWE"]
[Date "2015.01.02"]
[Round "6.33"]
[White "Evertsson, Lennart"]
[Black "Rydstrom, Tom"]
[Result "0-1"]
[WhiteElo "2130"]
[BlackElo "2243"]
[WhiteFideId "1705156"]
[BlackFideId "1714830"]
[EventDate "2014.12.27"]

1. Nf3 d5 2. d4 Nf6 3. c4 e6 4. Nc3 c6 5. e3 Nbd7 6. cxd5 exd5 7. Bd3 Bd6 8. a3
O-O 9. b4 Re8 10. Bb2 Ne4 11. Qc2 Ndf6 12. Rc1 Qe7 13. O-O Bd7 14. Ne5 a5 15. b5
Nxc3 16. bxc6 bxc6 17. Qxc3 Rec8 18. Rfe1 Rab8 19. Rb1 c5 20. Qxa5 c4 21. Bc2 c3
22. Nxd7 Qxd7 23. Ba1 Ra8 24. Qb5 Qc7 25. a4 Rab8 26. Qd3 Bxh2+ 27. Kf1 Ne4 28.
Ke2 Bd6 29. Rb5 Qd7 30. f3 Rxb5 31. axb5 Ng3+ 32. Kf2 g6 33. Rb1 Qe7 34. f4 Qh4
35. Kg1 Qh1+ 36. Kf2 Ne4+ 37. Ke2 Qxg2+ 38. Ke1 Qh1+ 39. Ke2 Qh2+ 40. Ke1 Be7
41. Qe2 Bh4+ 0-1

[Event "44th Rilton Cup 2014-15"]
[Site "Stockholm SWE"]
[Date "2015.01.02"]
[Round "6.34"]
[White "Thingstad, Even"]
[Black "Berglind, Axel"]
[Result "1-0"]
[WhiteElo "2243"]
[BlackElo "1972"]
[WhiteFideId "1506439"]
[BlackFideId "1720228"]
[EventDate "2014.12.27"]

1. d4 d5 2. c4 c6 3. Nf3 Nf6 4. Nc3 e6 5. Bg5 Nbd7 6. e3 Be7 7. Bd3 O-O 8. O-O
dxc4 9. Bxc4 b6 10. e4 Bb7 11. e5 Nd5 12. Bxe7 Nxe7 13. Re1 c5 14. d5 exd5 15.
Nxd5 Nxd5 16. Bxd5 Qc7 17. Nh4 Rad8 18. Bxb7 Qxb7 19. Qg4 g6 20. Re3 Rfe8 21.
Rae1 Nf8 22. Nf5 Qd7 23. Nh6+ Kh8 24. Qf4 f5 25. exf6 Qd2 26. Nf7+ Kg8 27. Nh6+
Kh8 28. Nf7+ Kg8 29. Rxe8 Qxf4 30. Nxd8 Qd2 31. h3 Qd7 32. g3 h5 33. R1e7 Qd1+
34. Kh2 Qd6 35. Rg7+ Kh8 36. Nf7# 1-0

[Event "44th Rilton Cup 2014-15"]
[Site "Stockholm SWE"]
[Date "2015.01.02"]
[Round "6.35"]
[White "Bit-Narva, David"]
[Black "Larsson, Anders"]
[Result "0-1"]
[WhiteElo "1996"]
[BlackElo "2304"]
[WhiteFideId "24128856"]
[BlackFideId "1712128"]
[EventDate "2014.12.27"]

1. e4 e6 2. d4 d5 3. Nc3 Bb4 4. e5 Qd7 5. a3 Bxc3+ 6. bxc3 b6 7. h4 Ba6 8. Bxa6
Nxa6 9. Qd3 Nb8 10. h5 h6 11. Ne2 Ne7 12. g4 Nbc6 13. Ng3 Na5 14. Ke2 Nc4 15.
Nf1 Qa4 16. Ne3 O-O-O 17. Rb1 a5 18. f4 f6 19. Rh2 Rdf8 20. Rf2 f5 21. gxf5 Nxf5
22. Kf3 Nfxe3 23. Bxe3 Qxa3 24. Rg1 Qe7 25. Rg4 Rf5 26. Rh2 Rhf8 27. Qe2 Qf7 28.
Bc1 Rxh5 29. Rxg7 Qxg7 30. Rxh5 Rg8 31. Qh2 Qg4+ 32. Kf2 Qd1 0-1